[Event "Wch Seniors 08th"]
[Site "Grieskirchen"]
[Date "1998.11.12"]
[Round "4"]
[White "Reichinger, Georg"]
[Black "Denda, Ronald"]
[Result "0-1"]
[WhiteElo "1709"]
[BlackElo "1924"]
[PlyCount "58"]
[EventDate "1998.11.08"]
[EventType "swiss"]
[EventRounds "11"]
[EventCountry "AUT"]
[SourceTitle "CBM 067 Extra"]
[Source "ChessBase"]
[SourceDate "1999.01.01"]
[SourceVersion "1"]
[SourceVersionDate "1999.01.01"]
[SourceQuality "1"]

1. d4 d5 2. c4 e6 3. Nc3 Nf6 4. e3 c5 5. Nf3 Nc6 6. a3 a6 7. b3 b6 8. Be2 Bb7 9. Bb2 Be7 10. 0-0 0-0 11. Rc1 Rc8 12. Bd3 cxd4 13. exd4 Na5 14. Nb1 Bd6 15. Ne5 dxc4 16. bxc4 Qe7 17. Re1 Nc6 18. h3 Rfd8 19. Qb3 Bxe5 20. dxe5 Nd7 21. Re2 Nc5 22. Bxh7+ Kxh7 23. Qc2+ g6 24. Re3 Nd4 25. Bxd4 Rxd4 26. Rce1 Rcd8 27. g3 Qc7 28. h4 Nd3 29. Rd1 Nb4 0-1